Od januára 1998 budú diaľnice z Bratislavy na štátne hranice s Maďarskom a Rakúskom v prevádzke
Plán pospájania diaľničnej siete, ktorá privádza dopravu na územie Bratislavy či už zo západu alebo severu - vytvorenie súvislej komunikačnej siete. Zámer spojazdnenia diaľnice smerom na maďarskú hranicu (december 1997) a rakúsku hranicu (jún 1998). Provizórne colné priestory. Predpokladané konečné...
Salvato in:
| Autore principale: | |
|---|---|
| Natura: | Capitolo di libro |
| Lingua: | slovacco |
| Soggetti: | |
| Tags: |
Nessun Tag, puoi essere il primo ad aggiungerne!!
|
MARC
| LEADER | 00000naa a2200000 4500 | ||
|---|---|---|---|
| 001 | r025846 | ||
| 005 | 20230921080516.8 | ||
| 041 | 0 | |a slo | |
| 044 | |a SK | ||
| 245 | 1 | 0 | |a Od januára 1998 budú diaľnice z Bratislavy na štátne hranice s Maďarskom a Rakúskom v prevádzke |c D. Zverková |
| 520 | |a Plán pospájania diaľničnej siete, ktorá privádza dopravu na územie Bratislavy či už zo západu alebo severu - vytvorenie súvislej komunikačnej siete. Zámer spojazdnenia diaľnice smerom na maďarskú hranicu (december 1997) a rakúsku hranicu (jún 1998). Provizórne colné priestory. Predpokladané konečné spojenie všetkých úsekov podľa schváleného komplexného projektu na výstavbu diaľnic. | ||
| 610 | 2 | 0 | |a diaľnice |
| 610 | 2 | 0 | |a doprava cestná |
| 610 | 2 | 0 | |a colníctvo |
| 610 | 2 | 0 | |a Bratislava |
| 610 | 2 | 0 | |a Maďarsko |
| 610 | 2 | 0 | |a Rakúsko |
| 610 | 2 | 0 | |a Slovensko |
| 100 | 1 | |a Zverková, Daniela | |